El cine de ficción /

El cine de ficción, ¿puede considerarse solo un medio de entretenimiento? Un repaso por la historia del cine nos muestra que es mucho más que eso: nos encontramos frente a un poderoso transmisor cultural, de valores e ideología.

Guardado en:
Autor Principal: Busaniche, Gisela
Autor Corporativo: Canal Encuentro.
Formato: Deslizar
Publicado: Argentina, 2010
Series:En el Medio II - Disco 2
Materias:
Etiquetas: Agregar Etiqueta
Sin Etiquetas, Sea el primero en etiquetar este registro!
LEADER 01112ngm a22003015g 4500
001 CEM.cems023488
008 130507s2010##################0###0#####d
005 20250408201347.0
245 1 0 |a El cine de ficción /  |c Gisela Busaniche. 
260 |a Argentina,  |c 2010 
300 |a 29'. 
490 0 |a En el Medio II - Disco 2 
500 |a Consultar en ventanilla. 
590 |a Identificación anterior registrada en SIABUC: D89B. 
538 |a Soporte: DVD - Color: Si - Grabación DRD. 
520 |a El cine de ficción, ¿puede considerarse solo un medio de entretenimiento? Un repaso por la historia del cine nos muestra que es mucho más que eso: nos encontramos frente a un poderoso transmisor cultural, de valores e ideología. 
100 1 |a Busaniche, Gisela 
710 2 |a Canal Encuentro. 
082 0 7 |/ BUS-3 
653 |a MEDIOS 
653 |a MEDIOS DE COMUNICACION 
653 |a CINE 
653 |a CINEMATOGRAFIA 
653 |a FICCION 
653 |a PELICULAS 
653 |a CULTURA 
653 |a SERIE DE TELEVISIÓN 
859 |a CEMS  |b BIB. CEMS - Depto. Recursos Didacticos  |h 070  |i BUS-3  |k DRD  |p 2131.15  |t Ej.1